| 000 | 00560nam a2200145 a 4500 | ||
|---|---|---|---|
| 001 | 000031722 | ||
| 005 | 20200930063130.0 | ||
| 008 | 110630s1973 dr 000 0 spa d | ||
| 040 |
_aDO-SdBNP _bspa _cBNPHU |
||
| 111 | 1 |
_aSeminario internacional sobre planificación del desarrollo rural regional _d(1973: _cSanto Domingo _n9-13 de mayo ) _957982 |
|
| 245 | 1 | 0 | _aSeminario internacional sobre planificación del desarrollo rural regional. |
| 260 |
_aSanto Domingo : _bImpresora Acuarios, _c1973. |
||
| 300 |
_a1v. con varias paginaciones ; _c22 cm. |
||
| 049 | _aBNPD | ||
| 999 |
_c31214 _d31214 |
||